- Aparici, Roberto
Entry Nombre Personal
001 - NUMERO DE CONTROL
- campo de control: 28734
003 - IDENTIFICADOR DE NUMERO DE CONTROL
- campo de control: MX-MxUPN
005 - FECHA Y HORA DE LA ÜLTIMA TRANSACCIÓN
- campo de control: 20240806140110.0
008 - DATOS DE LONGITUD FIJA
- campo de control de longitud fija: 240806n||acannaabn a aaa |d
010 ## - NÚMERO DE CONTROL DE LA BIBLIOTECA DEL CONGRESO
- Número de control LC: n 92021830
035 ## - NUMERO DE CONTROL
- Número de control: UPN11000000840
035 ## - NUMERO DE CONTROL
- Número de control: (OCoLC)oca03119713
040 ## - FUENTE DE CATALOGACIÓN
- Lenguaje de catalogación: spa
- Agencia de transcripción: DLC
- Agencia original de catalogación: DLC
- Agencia que lo modifica: MX-MxUPN
- Agencia que lo modifica: DLC
- Agencia que lo modifica: NjP
100 1# - ENCABEZAMIENTO - NOMBRE PERSONAL
- Nombre personal: Aparici, Roberto
372 ## - CAMPO DE ACTIVIDAD
- Field of activity: Comunicación
- Field of activity: Educación
373 ## - GRUPO ASOCIADO
- Fuente del término: $naf
- Associated group: Universidad Nacional de Educación a Distancia
374 ## - OCUPACIÓN
- Occupation: Profesor universitario
378 ## - FORMA COMPLETA DE NOMBRE PERSONAL
- Fuller form of personal name: Roberto Matías
400 1# - VEÁSE - NOMBRE DE PERSONA
- Personal name: Aparici Marino, Roberto Matías
670 ## - FUENTE EN LA QUE SE LOCALIZARON DATOS
- Cita de la fuente: T
- Uniform Resource Identifier: http://portal.uned.es/portal/page?_pageid=93,688311&_dad=portal&_schema=PORTAL
670 ## - FUENTE EN LA QUE SE LOCALIZARON DATOS
- Cita de la fuente: LC, 06 agosto 2024 :
- Uniform Resource Identifier: https://lccn.loc.gov/n92021830
- Información localizada: (Aparici, Roberto)
680 ## - NOTA PUBLICA DE ACCESO PÚBLICO
- Frase explicativa de la referencia: Pedagogo español
902 ## - CATALOGADOR
- Catalogador: DAA/121207
- Catalogador: MaríaRobles/060824
